000 00694nam a22002057a 4500
999 _c174771
_d174771
005 20200810110921.0
010 _aB-732614
020 _a9789351790228
_c200.00
035 _aB-732614
037 _bDBAD/PUB
_adpl
082 _a270
245 _aThe Quran /
_ctranslated by Maulana Wahiduddin Khan [and] Farida Khanam
260 _aNew Delhi
_bGoodword Books
_c2014
270 _a1, Nizamuddin West Market
_bNew Delhi
_e110013
300 _a502p.
_c19cm(Hb)
700 _aWahiduddin Khan
700 _aFarida Khanam
942 _2ddc
_cEN
_h270
_mQUR